1136 1312 1917 1458 1801 1789 1701 1293 1941 1447 1758 1488 1986 1380 1278 1987 1123 1030 1320 1677 1363 1706 1782 1801 1573 1043 1872 1777 1310 1086 1660 1002 1372 1824 1521 1813 1967 1950 1518 1471 2000 1421 1046 1728 1355 1945 1888 1799 1981 1953 1123 1387 1283 1837 1086 1892 1823 1957 1510 1225 1498 1881 1116 1646 1302 1599 1364 1514 1322 1448 1659 1494 1652 1350 1134 1026 1745 1018 1587 1959 1263 1313 1544 1274 1178 1274 1061 1319 1218 1875 1244 1985 1809 1851 1669 1283 1367 1559 1424 BCNSPRNW ULIB Ver.6.0+V

เปลี่ยนเป็นภาษาไทย

Change to English
 แสดงรายละเอียดบรรณานุกรม
  กลับหน้าหลัก

Brief Record : Get Marc (ISO 2709) : E-mail record : QR code < ปิดหน้าต่าง
LEADER : 00000nam 2200000uu 4500
001    13399120324
003     ULIB
008    120918s2551||||th 000 0 tha d
020    ^a9789741660032(ล.3)
060  4 ^aWY159^bส627อ ล.3
110 1  ^aมหาวิทยาลัยสุโขทัยธรรมาธิราช^bสาขาวิชาพยาบาลศาสตร์
245 00 ^aเอกสารการสอนชุดวิชา การพยาบาลเด็กและวัยรุ่น หน่วยที่11-15(ฉบับปรับปรุงครั้งที่1)=^bNursing care of the child and adolescent/^cบรรณาธิการ กรองกาญจน์ ศิริภักดี
246 0  ^aNursing care of the child and adolescent
250    ^aฉบับปรับปรุงครั้งที่ 1
260    ^aนนทบุรี:^bศูนย์หนังสือมหาวิทยาลัยสุโขทัยธรรมาธิราช,^c2551
300    ^a538 หน้า
650  7 ^aการพยาบาลกุมารเวชศาสตร์
700 0  ^aกรองกาญจน์ ศิริภักดี,^eบรรณาธิการ
710 2  ^aมหาวิทยาลัยสุโขทัยธรรมาธิราช^bสาขาวิชาพยาบาลศาสตร์
945    ^p0^l0^i15988
945    ^p0^l0^i15989
945    ^p0^l0^i15990
945    ^p0^l0^i15991
995    ^aกัณชพร
999    ^aใช้งานได้ทุกระบบ
รายการนี้ยังไม่มีแท็ก
คุณยังไม่ได้ล็อกอิน คุณสามารถมีกิจกรรมร่วมกับเว็บไซต์ได้ แต่ต้องล็อกอินก่อน ::
  ล็อกอิน

รายการสื่อสารสนเทศ

ลำดับที่ ประเภท เลขเรียก/บาร์โค้ด สถานที่ สถานะ
1. วิทยาศาสตร์การแพทย์ และสุขภาพ
วิทยาศาสตร์การแพทย์ และสุขภาพ
WY159 ส627อ ล.3  
  Barcode: 15988
ห้องสมุดวิทยาเขตนครสวรรค์
►ส่วนจัดเก็บหนังสือเก่า นว.
บนชั้น
  ขอยืม
2. วิทยาศาสตร์การแพทย์ และสุขภาพ
วิทยาศาสตร์การแพทย์ และสุขภาพ
WY159 ส627อ ล.3 ฉ.2 
  Barcode: 15989
ห้องสมุดวิทยาเขตนครสวรรค์
►ส่วนจัดเก็บหนังสือเก่า นว.
บนชั้น
  ขอยืม
3. วิทยาศาสตร์การแพทย์ และสุขภาพ
วิทยาศาสตร์การแพทย์ และสุขภาพ
WY159 ส627อ ล.3 ฉ.3 
  Barcode: 15990
ห้องสมุดวิทยาเขตสวรรค์ประชารักษ์
►ส่วนจัดเก็บหนังสือเก่า สปร
บนชั้น
  ขอยืม
4. วิทยาศาสตร์การแพทย์ และสุขภาพ
วิทยาศาสตร์การแพทย์ และสุขภาพ
WY159 ส627อ ล.3 ฉ.4 
  Barcode: 15991
ห้องสมุดวิทยาเขตนครสวรรค์
►ส่วนจัดเก็บหนังสือเก่า นว.
บนชั้น
  ขอยืม

รายการใกล้เคียง
    หัวเรื่อง [การพยาบาลกุมารเวชศาสตร์]

BibComment


ยังไม่เคยถูกคอมเมนท์

คอมเมนท์ทรัพยากรรายการนี้
  คอมเมนท์: เอกสารการสอนชุดว..


 Copyright 2026. Bcnsprnw @Library